Online
Catalog

Honorato de Balzac / (Record no. 9722)

MARC details
000 -CABECERA
campo de control de longitud fija 00473nam a2200169 a 4500
001 - NÚMERO DE CONTROL
campo de control 000009963
005 - FECHA Y HORA DE LA ÚLTIMA TRANSACCIÓN
campo de control 20200929161800.0
008 - DATOS DE LONGITUD FIJA--INFORMACIÓN GENERAL
campo de control de longitud fija 091002s19uu sp 000 0 spa d
040 ## - FUENTE DE LA CATALOGACIÓN
Centro catalogador/agencia de origen DO-SdBNP
Lengua de catalogación spa
Centro/agencia transcriptor BNPHU
082 ## - NÚMERO DE LA CLASIFICACIÓN DECIMAL DEWEY
Número de clasificación xxx
Número de documento/Ítem G752h
049 ## - FONDOS LOCALES (OCLC)
Fondos de biblioteca BNPD
100 1# - ENTRADA PRINCIPAL--NOMBRE DE PERSONA
Nombre de persona Grandet, Eugenia
9 (RLIN) 24908
245 10 - MENCIÓN DE TÍTULO
Título Honorato de Balzac /
Mención de responsabilidad, etc. Eugenia Grandet, César Birotteau.
260 ## - PUBLICACIÓN, DISTRIBUCIÓN, ETC.
Lugar de publicación, distribución, etc. España :
Nombre del editor, distribuidor, etc. Bruguera,
Fecha de publicación, distribución, etc. 19uu.
300 ## - DESCRIPCIÓN FÍSICA
Extensión 672 p. ;
Dimensiones 19 cm.
700 1# - PUNTO DE ACCESO ADICIONAL--NOMBRE DE PERSONA
Nombre de persona Birotteau, César
9 (RLIN) 24909
Holdings
Estado de retiro Estado de pérdida Restricciones de uso No para préstamo Código de colección Localización permanente Ubicación/localización actual Ubicación en estantería Fecha de adquisición Número de inventario Total de préstamos Signatura topográfica completa Código de barras Fecha visto por última vez Precio válido a partir de Tipo de ítem Koha
        Monografías: Libros y Folletos General General Orden iniciada 02.10.2009 LF1   xxx G752h 9963-10 25.06.2020 25.06.2020 No se presta

Powered by Koha